Συνάντηση με την ιστορία
Αποθηκεύτηκε σε:
| Κύριος συγγραφέας: | |
|---|---|
| Μορφή: | Βιβλίο |
| Γλώσσα: | Greek Italian |
| Δημοσίευση: |
Αθήνα :
Πάπυρος,
c1976.
|
| Θέματα: | |
| Ετικέτες: |
Προσθήκη ετικέτας
Δεν υπάρχουν, Καταχωρήστε ετικέτα πρώτοι!
|
MARC
| LEADER | 00000cam a2200000 a 4500 | ||
|---|---|---|---|
| 001 | 1/120366 | ||
| 008 | 191119s1976####gr | ||| |||| ||gre|| | ||
| 040 | |a GR-MyUa |b gre |c GR-MyUa |e AACR2 | ||
| 041 | 1 | |a gre |h ita | |
| 082 | 7 | |a 923 |2 (23) | |
| 100 | 1 | |a Fallaci, Oriana. | |
| 245 | 1 | 0 | |a Συνάντηση με την ιστορία / |c Οριάνα Φαλλάτσι ; μετάφραση Έρης Κανδρή. |
| 260 | |a Αθήνα : |b Πάπυρος, |c c1976. | ||
| 300 | |a 607 σ. ; |c 20 εκ. | ||
| 650 | 0 | |a Statesmen |x Interviews. | |
| 852 | |a INST |b SYROS |e 20191119 |h 923 FAL |p 005500014008 |q 005500014008 |t BK |y 0 | ||
| 920 | |a Σπυριδάκη |b Γεωργία |y Σύρος |z 2019-09 | ||
| 970 | |a Κοντού |b Παρασκευή |z 19/11/2019 | ||